Which Soviet Socialist Republic? - Statistics

General Stats
  • This quiz has been taken 46 times
  • The average score is 14 of 25
Answer Stats
Hint Answer % Correct
Lost territory in 2014 5. Ukraine
94%
Largest one 7. Russia
94%
Wants to be Nordic 1. Estonia
80%
Name means "White Russia" 4. Belarus
74%
The middle Baltic Republic 2. Latvia
71%
Is a "puppet state" 4. Belarus
66%
Renamed its capital to Nur-Sultan in 2019 11. Kazakhstan
63%
Owns Murmansk 7. Russia
63%
Last to get independence 11. Kazakhstan
60%
Smallest -stan by area 13. Tajikistan
60%
Participated in the Winter War 7. Russia
60%
Similar flag to Austria 2. Latvia
57%
Is the "Breadbasket of Europe" 5. Ukraine
57%
Largest landlocked European country 4. Belarus
54%
Same first 4 letters as another country 14. Turkmenistan
51%
Doubly landlocked 15. Uzbekistan
49%
Completely surrounded by 2 countries 6. Moldova
49%
Definitely named after the state (100% sure!) 8. Georgia
46%
Doesn't have a regular vowel for the first 8 letters 12. Kyrgyzstan
40%
Was originally part of Uzbekistan 13. Tajikistan
37%
Most populous -stan 15. Uzbekistan
34%
First country to have Christianity as a state religion 9. Armenia
31%
Controls Nakhichevan 10. Azerbaijan
23%
Least populous one 1. Estonia
20%
Borders Russia only on the west 3. Lithuania
20%
No matching quizzes found
Score Distribution
Percent of People with Each Score
Percentile by Number Answered
Your Score History
You have not taken this quiz